Hodnotenie výkonnosti podniku prostredníctvom moderných metód finančnej analýzy bakalárska práca

Salvato in:
Dettagli Bibliografici
Autore principale: Majstrenková, Viktória
Ente Autore: Podnikovohospodárska fakulta EU so sídlom v Košiciach. Katedra ekonómie
Altri autori: Sotáková, Kamila, 1996-
Natura: Libro
Lingua:slovacco
Pubblicazione: Košice 2022
Tags: Aggiungi Tag
Nessun Tag, puoi essere il primo ad aggiungerne!!

MARC

LEADER 00000nbm a2200000 4500
001 0286521
005 20240827092344.4
041 0 |a slo 
044 |a SK 
245 1 0 |a Hodnotenie výkonnosti podniku prostredníctvom moderných metód finančnej analýzy  |b bakalárska práca  |c Viktória Majstrenková ; školiteľ: Kamila Sotáková 
264 1 |a Košice  |c 2022 
300 |a 55 s. 
100 1 |a Majstrenková, Viktória 
700 1 |a Sotáková, Kamila, 1996- 
710 2 |a Podnikovohospodárska fakulta EU so sídlom v Košiciach. Katedra ekonómie